000 00207nam a22000857a 4500
008 170127b xxu||||| |||| 00| 0 eng d
100 _92593
_aGupta.S
245 _aThe World Today-2
260 _aNew Delhi
_bGRB
_c2012
999 _c5730
_d5730